000 00923cam a2200301 i 4500
020 _a9788193779422
020 _a8193779428
082 0 4 _a303.482
_bLOW
100 1 _aLöwner, Gudrun,
245 1 0 _aIntercultural dialogue in art and religion
260 _aNew Delhi
_bManohar Publisher
_c2018
300 _a282 pages :
_billustrations (black and white, and colour) ;
650 0 _aIntercultural communication in art.
650 0 _aIntercultural communication
650 0 _aCultural pluralism
650 0 _aCultural pluralism
650 0 _aArt, Indic.
650 0 _aArt, Sri Lankan.
650 0 _aChristian art and symbolism
650 7 _aArt, Indic.
650 7 _aArt, Sri Lankan.
650 7 _aChristian art and symbolism.
650 7 _aCultural pluralism.
650 7 _aIntercultural communication in art.
650 7 _aIntercultural communication
700 1 _aFernando, Leonard,
942 _cBK
999 _c23634
_d23634